000 02821cam a2200337 4500500
005 20260111081302.0
041 _afre
042 _adc
100 1 0 _aBidabad, Del Aram
_eauthor
700 1 0 _aDelcourt, Anne
_eauthor
700 1 0 _aRivière, Véronique
_eauthor
245 0 0 _aÉducation coopérative et citoyenneté : le rôle du groupe ChamPIgnon Pajol dans la formation des citoyens
260 _c2025.
500 _a26
520 _aCet article explore l’initiative des groupes ChamPIgnon de pédagogie institutionnelle, des collectifs d’enseignants engagés dans des pratiques pédagogiques coopératives, démocratiques, et respectueuses. En se concentrant sur le cas spécifique du ChamPIgnon Pajol, créé il y a trois ans, l’étude examine comment ces pratiques émergent de manière organique à partir des besoins des enseignants eux-mêmes, sans directives institutionnelles formelles. L’article met en lumière l’importance pour les enseignants d’incarner les valeurs qu’ils souhaitent transmettre à leurs élèves, soulignant ainsi le rôle fondamental de la pratique coopérative dans la formation des citoyens. À travers une immersion sur le terrain, nous analysons les défis, les méthodes, et les résultats de cette initiative, tout en réfléchissant à la manière dont ces pratiques peuvent répondre aux exigences de la formation républicaine des citoyens.
520 _aThis article explores the initiative of the ChamPIgnon institutional pedagogy groups, collectives of teachers committed to cooperative, democratic, and respectful pedagogical practices. Focusing on the specific case of ChamPIgnon Pajol, established three years ago, the study examines how these practices organically emerge from the teachers’ own needs, without formal institutional directives. The article highlights the importance of teachers embodying the values they wish to instill in their students, emphasizing the fundamental role of cooperative practice in shaping citizens. Through field immersion, we analyze the challenges, methods, and outcomes of this initiative while reflecting on how these practices can meet the demands of republican citizen education.
690 _aChamPIgnon
690 _acitoyenneté
690 _acoopération
690 _aengagement
690 _aPédagogie Institutionnelle
690 _aresponsabilité
690 _aChamPIgnon
690 _acitizenship
690 _acommitment
690 _acooperation
690 _aInstitutional Pedagogy
690 _aresponsibility
786 0 _nL’Année de la recherche en sciences de l’éducation | 1 | 1 | 2025-10-31 | p. 203-216 | 1254-6852
856 4 1 _uhttps://shs.cairn.info/revue-l-annee-de-la-recherche-en-sciences-de-leducation-2025-1-page-203?lang=fr&redirect-ssocas=7080
999 _c1616900
_d1616900